000 00365nam a2200157 i 4500
001 bg
100 1 _aEFIMOV, Ivan E.
245 0 _aOsnovy mikroelektroniki /
_cI.E. Efimov, I.Ja. Kozyr.
260 _aMoskva,
_c1975.
700 1 _aKOZYR, Ivan Ja.
040 _cBPK
041 _apol
080 _a621.38
942 _cKS
008 s pl f |000 0 pol
999 _c472
_d472
856 _uhttp://koha.tu.koszalin.pl/cgi-bin/koha/opac-detail.pl?biblionumber=472
_yKatalog online BPK